00170nam a2200073Ia 4500008004100000100001400041245002300055260001800078170817s9999 xx 000 0 und d aArora.V.K 0aPhysical Education bA. P. H. PUB.